Daily Capital City Riddle #27 - Statistics

General Stats
  • This quiz has been taken 70 times
  • The average score is 29 of 33
Answer Stats
Type Answer % Correct
Alphabet Letter B
100%
Alphabet Letter I
100%
Found Letter N
100%
Found Letter A
98%
Found Letter E
98%
Alphabet Letter L
98%
Found Letter R
98%
Alphabet Letter O
97%
Alphabet Letter S
97%
Alphabet Letter D
95%
Alphabet Letter M
95%
Alphabet Letter P
93%
Correctly Placed Letter N
91%
Found Letter T
91%
Alphabet Letter C
90%
Found Letter H
90%
Correctly Placed Letter E
88%
Alphabet Letter G
88%
Alphabet Letter K
88%
Alphabet Letter J
86%
Alphabet Letter W
86%
Alphabet Letter U
84%
Correctly Placed Letter R
83%
Alphabet Letter V
83%
Correctly Placed Letter T
81%
Alphabet Letter Y
81%
Correctly Placed Letter A
79%
Correctly Placed Letter H
79%
Alphabet Letter Z
79%
Alphabet Letter F
78%
Alphabet Letter Q
76%
Mystery Capital Tehran
76%
Alphabet Letter X
76%
No matching quizzes found
Score Distribution
Percent of People with Each Score
Percentile by Number Answered
Your Score History
You have not taken this quiz